| 000 | 00458nam a2200181Ia 4500 | ||
|---|---|---|---|
| 005 | 20260122095519.0 | ||
| 008 | 260121s9999||||xx |||||||||||||| ||und|| | ||
| 020 | _a9781529797138 | ||
| 082 |
_a519.5 _bFIE |
||
| 100 | _aField, Andy | ||
| 245 | 0 |
_aAdventure in statistics : _bthe reality enigma / |
|
| 250 | _a2nd ed. | ||
| 260 |
_aLos Angeles : _bSage, _c2022. |
||
| 300 | _axii, 648 p.; pbk | ||
| 650 | _aResearch | ||
| 650 | _aStatistics | ||
| 942 | _cTB | ||
| 999 |
_c48531 _d48531 |
||